000
00197nam a2200085Ia 4500
008
230605s9999 xx 000 0 und d
041
_a
eng
245
_a
Oxford guide to plan english
650
_a
Dict.
999
_c
417350
_d
417350